000 00194 a2200097 4500
001 2603
100 _aBurns, J.M.
245 _aRoosevelt
260 _a
_bHarcourt, Brau
_c
090 _c1900
_d1900
942 _aNUST-CAE
_cM
_c10003
999 _c237676
_d237676